000 00669nam a22002057a 4500
005 20240530110552.0
008 160217s2013 ua a g 000 0 ara d
017 _a2012/9003
_bمصر . دار الكتب المصرية
020 _a9789774277405
040 _aEG-CaGPL
082 0 4 _221
_a158.2\
_bش ت
100 0 _aشريف عرفة .
245 1 0 _aتخلص من عقلك /
_cشريف عرفة .
250 _aط3.
260 _aالقاهرة :
_bالدار المصرية اللبنانية ،
_c2013 .
300 _a183 ص ؛
_c20 سم .
650 0 4 _aالتنمية البشرية .
942 _2ddc
_cBK
999 _c62473
_d62473